Object-oriented model integration in a financial decision support system.

Opis systému pre podporu rozhodovania pri pochybnostiach, ktorý flexibilne formuluje a integruje optimalizačné a simulačné modelovanie a heuristickú dedukciu pre používateľov, ktorí nie sú experti na základe objektovo orientovanej bázy vedomostí.

Salvato in:
Dettagli Bibliografici
Autore principale: Dempster, M.A.H
Altri autori: Ireland, A.M
Natura: Capitolo di libro
Lingua:inglese
Soggetti:
Tags: Aggiungi Tag
Nessun Tag, puoi essere il primo ad aggiungerne!!

MARC

LEADER 00000naa a2200000 4500
001 r007312
005 20221130102830.8
041 0 |a eng 
044 |a NL 
245 1 0 |a Object-oriented model integration in a financial decision support system.  |c M.A.H. Dempster, A.M. Ireland 
520 |a Opis systému pre podporu rozhodovania pri pochybnostiach, ktorý flexibilne formuluje a integruje optimalizačné a simulačné modelovanie a heuristickú dedukciu pre používateľov, ktorí nie sú experti na základe objektovo orientovanej bázy vedomostí. 
610 2 0 |a modely ekonomické 
610 2 0 |a DSS 
610 2 0 |a financie 
610 2 0 |a integrácia 
610 2 0 |a objekt 
610 2 0 |a programovanie stochastické 
610 2 0 |a modely simulačné 
610 2 0 |a báza znalostí 
100 1 |a Dempster, M.A.H. 
700 1 |a Ireland, A.M.